<?xml version="1.0" encoding="UTF-8"?><?xml-stylesheet type="text/xsl" href="static/style.xsl"?><OAI-PMH xmlns="http://www.openarchives.org/OAI/2.0/" xmlns:xsi="http://www.w3.org/2001/XMLSchema-instance" xsi:schemaLocation="http://www.openarchives.org/OAI/2.0/ http://www.openarchives.org/OAI/2.0/OAI-PMH.xsd"><responseDate>2026-06-29T02:49:15Z</responseDate><request verb="GetRecord" identifier="oai:docta.ucm.es:20.500.14352/102153" metadataPrefix="marc">https://docta.ucm.es/rest/oai/request</request><GetRecord><record><header><identifier>oai:docta.ucm.es:20.500.14352/102153</identifier><datestamp>2025-03-18T12:26:58Z</datestamp><setSpec>com_20.500.14352_14</setSpec><setSpec>col_20.500.14352_21</setSpec></header><metadata><record xmlns="http://www.loc.gov/MARC21/slim" xmlns:dcterms="http://purl.org/dc/terms/" xmlns:xsi="http://www.w3.org/2001/XMLSchema-instance" xmlns:doc="http://www.lyncode.com/xoai" xsi:schemaLocation="http://www.loc.gov/MARC21/slim http://www.loc.gov/standards/marcxml/schema/MARC21slim.xsd">
   <leader>00925njm 22002777a 4500</leader>
   <datafield ind2=" " ind1=" " tag="042">
      <subfield code="a">dc</subfield>
   </datafield>
   <datafield ind2=" " ind1=" " tag="720">
      <subfield code="a">González Gómez, María Paloma</subfield>
      <subfield code="e">author</subfield>
   </datafield>
   <datafield ind2=" " ind1=" " tag="260">
      <subfield code="c">2013</subfield>
   </datafield>
   <datafield ind2=" " ind1=" " tag="520">
      <subfield code="a">La respuesta de la monarquía marroquí a los efectos de la llamada primavera árabe se 
traduce en una nueva Constitución, unas elecciones legislativas y la victoria de un partido 
islamista que asume el gobierno de la nación. La corona se mantiene como la pieza central 
que traza los cambios en función de las coyunturas internas o internacionales. Este clásico 
sistema preventivo de actuación, se anticipa a una posible quiebra de la estabilidad interna, 
introduciendo cambios que transforman la distribución del poder. La incógnita radica en 
evaluar la suficiencia o no de estas actuaciones. El estudio de dicha reforma constitucional, la 
victoria del partido islamista Justicia y Desarrollo (PJD) junto al papel que asumen los 
principales actores del sistema político marroquí, constituye el objeto de este análisis</subfield>
   </datafield>
   <datafield ind2=" " ind1=" " tag="520">
      <subfield code="a">The answer of the Moroccan Monarchy to the effects of the call Arab Spring turn into a 
new Constitution, join to a legislative elections and the victory of the islamic party that 
assume the National Government. The crown it maintains as the central piece that trace the 
changes in function of the internal or international situations. This classic preventive action 
system, can anticipate a possible rupture of the internal stability, introducing changes that 
transform the power and it distribution. The unknown lies in evaluate the competence or not 
of this actions. The study of the constitutional reform, the victory of the Justice and 
Development Islamic Party next to the role that assume the principals actors of the 
Moroccan political party, became the central object of this analysis.</subfield>
   </datafield>
   <datafield ind1="8" ind2=" " tag="024">
      <subfield code="a">978-84-616-2080-7</subfield>
   </datafield>
   <datafield ind1="8" ind2=" " tag="024">
      <subfield code="a">https://hdl.handle.net/20.500.14352/102153</subfield>
   </datafield>
   <datafield ind1="8" ind2=" " tag="024">
      <subfield code="a">https://produccioncientifica.ucm.es/documentos/627e00831d7f862603c8cfda</subfield>
   </datafield>
   <datafield ind2="0" ind1="0" tag="245">
      <subfield code="a">El impacto de la primavera árabe en Marruecos: un proceso tutelado</subfield>
   </datafield>
</record></metadata></record></GetRecord></OAI-PMH>